00208nam a2200073Ia 4500082002200000245002500022100004600047008004100093 a391.00968022 MAGU 0aDress and adornment  a MAGUBANE, Peter Cape Town, 2001 210817s9999 xx 000 0 und d